Mechanics-I: A text book for TDC-I and pre-engg.class (Record no. 1370260)

MARC details
000 -LEADER
fixed length control field 00538nam a2200193Ia 4500
005 - DATE AND TIME OF LATEST TRANSACTION
control field 20250508161503.0
008 - FIXED-LENGTH DATA ELEMENTS--GENERAL INFORMATION
fixed length control field 008 250505s9999 xx 000 0 eng d
037 ## - SOURCE OF ACQUISITION
Stock number Textual
040 ## - CATALOGING SOURCE
Original cataloging agency FEDL
Language of cataloging eng
Transcribing agency FEDL
041 ## - LANGUAGE CODE
Language code of text/sound track or separate title eng
Source of code eng
084 ## - COLON CLASSIFICATION NUMBER
Classification number 531, KAP
Assigning agency FEDL
100 ## - MAIN ENTRY--PERSONAL NAME
Personal name Kapur J N
245 #0 - TITLE STATEMENT
Title Mechanics-I: A text book for TDC-I and pre-engg.class
260 ## - PUBLICATION, DISTRIBUTION, ETC.
Place of publication, distribution, etc. Delhi, India
Name of publisher, distributor, etc. R Chand and Co
Date of publication, distribution, etc. 1971
300 ## - PHYSICAL DESCRIPTION
Extent viii,88p
700 ## - ADDED ENTRY--PERSONAL NAME
Personal name Gupta J D
9 (RLIN) 770795
942 ## - ADDED ENTRY ELEMENTS (KOHA)
Koha item type Textual
Classification part 531, KAP
Holdings
Withdrawn status Lost status Damaged status Not for loan Home library Current library Date acquired Total Checkouts Full call number Barcode Date last seen Price effective from Koha item type
        Department of Education Library Department of Education Library 2025-05-08   531, KAP EL0057663 2025-05-08 2025-05-08 Textual
Copyright @ Delhi University Library System